Klasická, historická a žánrová malba v českém malířství 19. století = Classical, historical and genre painting in Czech art of the 19th century = Klassisches, historisches und genrehaftes Gemälde in der tschechischen Malerei des 19. Jahrhunderts : Galerie Kroupa, Litomyšl, 10.6.-16.7.2017 /

Hlavní autor: Šimek, Michal
Korporativní autor: Galerie Kroupa (Litomyšl, Česko)
Další autoři: Bárta, Marek, 1979-, Žallmannová, Eva
Jazyk: Němčina
Čeština
Angličtina
Vydáno: Litomyšl : Miroslav Kroupa - Galerie Kroupa, 2017
Témata:
Externí odkaz: Digitalizovaný dokument
Fyzický popis: 111 stran : barevné ilustrace ; 30 cm + 4 obrazové přílohy (4 nečíslované listy ; 29 cm) + 1 seznam děl (1 list ; 29 cm)
Language note: Souběžný anglický a německý text
Knihy
Uloženo v:
LEADER 02972nam a2200637 i 4500
001 nkc20172897951
003 CZ PrNK
005 20170721082817.0
007 ta
008 170518s2017 xr a e c 000 0dcze
020 |a 978-80-906460-2-5  |q (brožováno) 
040 |a BOA001  |b cze  |e rda 
041 1 |a cze  |a eng  |a ger  |h cze 
043 |a e-xr--- 
045 |a w-w- 
072 7 |a 75  |x Malířství  |2 Konspekt  |9 21 
080 |a 75(437.3)  |2 MRF 
080 |a 069.5-027.551  |2 MRF 
080 |a 72/76:069.5  |2 MRF 
080 |a (437.3)  |2 MRF 
080 |a (437.314)  |2 MRF 
080 |a (083.824)  |2 MRF 
100 1 |a Šimek, Michal  |7 mzk2011644446  |4 aut 
245 1 0 |a Klasická, historická a žánrová malba v českém malířství 19. století =  |b Classical, historical and genre painting in Czech art of the 19th century = Klassisches, historisches und genrehaftes Gemälde in der tschechischen Malerei des 19. Jahrhunderts : Galerie Kroupa, Litomyšl, 10.6.-16.7.2017 /  |c autor textů: Michal Šimek ; překlad do německého jazyka: Marek Bárta, překlad do anglického jazyka: Eva Žallmannová 
246 3 1 |a Classical, historical and genre painting in Czech art of the 19th century 
246 3 1 |a Klassisches, historisches und genrehaftes Gemälde in der tschechischen Malerei des 19. Jahrhunderts 
264 1 |a Litomyšl :  |b Miroslav Kroupa - Galerie Kroupa,  |c 2017 
300 |a 111 stran :  |b barevné ilustrace ;  |c 30 cm +  |e 4 obrazové přílohy (4 nečíslované listy ; 29 cm) + 1 seznam děl (1 list ; 29 cm) 
336 |a text  |b txt  |2 rdacontent 
336 |a statický obraz  |b sti  |2 rdacontent 
337 |a bez média  |b n  |2 rdamedia 
338 |a svazek  |b nc  |2 rdacarrier 
500 |a 200 výtisků 
546 |a Souběžný anglický a německý text 
610 2 7 |a Galerie Kroupa (Litomyšl, Česko)  |7 mzk2013769736  |2 czenas 
648 7 |a 19. století  |7 ch460557  |2 czenas 
650 0 7 |a české malířství  |7 ph116864  |y 19. století  |2 czenas 
650 0 7 |a soukromé sbírky  |7 ph135214  |z Česko  |2 czenas 
650 0 7 |a umělecké sbírky  |7 ph135222  |z Česko  |2 czenas 
650 0 9 |a Czech painting  |y 19th century  |2 eczenas 
650 0 9 |a private collections  |z Czechia  |2 eczenas 
650 0 9 |a art collections  |z Czechia  |2 eczenas 
651 7 |a Litomyšl (Česko)  |7 ge129843  |2 czenas 
651 9 |a Litomyšl (Czechia)  |2 eczenas 
655 7 |a katalogy výstav  |7 fd132536  |2 czenas 
655 9 |a exhibition catalogs  |2 eczenas 
700 1 |a Bárta, Marek,  |d 1979-  |7 hka2016922233  |4 trl 
700 1 |a Žallmannová, Eva  |7 mzk2007386091  |4 trl 
710 2 |a Galerie Kroupa (Litomyšl, Česko)  |7 mzk2013769736  |4 orm  |4 isb 
856 4 1 |u http://www.digitalniknihovna.cz/mzk/uuid/uuid:cf4d2230-6036-11e9-ace0-005056827e51  |y Digitalizovaný dokument  |x NDK 
910 2 |a BOA001  |b 4-1390.610 
928 9 |a Galerie Kroupa 
990 |a BK 
995 |a 11 
991 |b 201706  |c NOV 
996 6 |b 2610710901  |c 4-1390.610  |l MZK  |r Sklad / do 1 hodiny  |n 6  |p p.v.  |w 001616515  |u 000010  |a 1  |e BOA001  |j MZK50  |s P